000 00435nam a22001817a 4500
003 MPLRDC
005 20220104124543.0
008 210129b ||||| |||| 00| 0 eng d
082 _a859.6 LZCS v.1
100 _a李浩然著
245 _a专心的管宁
_c
250 _a初版
260 _a
_b小树苗教育出版社
_c1989
300 _b
490 _a励志丛书
650 _a励志故事
942 _cBK
_o859.6 LZCS v.1
999 _c20259
_d20249